Food for thought : (Record no. 112994)
[ view plain ]
| 000 -LEADER | |
|---|---|
| fixed length control field | 00603nam a2200157 a 4500 |
| 005 - DATE AND TIME OF LATEST TRANSACTION | |
| control field | 20140414131958.0 |
| 008 - FIXED-LENGTH DATA ELEMENTS--GENERAL INFORMATION | |
| fixed length control field | 110209s19uu xx 00 eng d |
| 050 ## - LIBRARY OF CONGRESS CALL NUMBER | |
| Classification number | TR 736.9 |
| Item number | F87 2005 |
| 100 ## - MAIN ENTRY--PERSONAL NAME | |
| Personal name | Freymann, Saxton. |
| 245 ## - TITLE STATEMENT | |
| Title | Food for thought : |
| Remainder of title | the complete book of concepts for growing minds / |
| Statement of responsibility, etc | written and illustrated by Saxton Freymann. |
| 250 ## - EDITION STATEMENT | |
| Edition statement | 1st ed. |
| 260 ## - PUBLICATION, DISTRIBUTION, ETC. (IMPRINT) | |
| Place of publication, distribution, etc | New York : |
| Name of publisher, distributor, etc | Arthur A. Levine Books, |
| Date of publication, distribution, etc | 2005. |
| 520 ## - SUMMARY, ETC. | |
| Summary, etc | Presents fruits and vegetables carved into shapes to teach colors, numbers, letters, shapes, and opposites. |
| 650 ## - SUBJECT ADDED ENTRY--TOPICAL TERM | |
| Topical term or geographic name as entry element | Vegetable carving. |
| Withdrawn status | Lost status | Damaged status | Home library | Current library | Shelving location | Date acquired | Total Checkouts | Full call number | Barcode | Date last seen | Price effective from | Koha item type |
|---|---|---|---|---|---|---|---|---|---|---|---|---|
| Munich Library | Munich Library | Teachers Reference Section | 02/09/2011 | TR 736.9 F87 2005 | M4425 | 04/14/2014 | 04/14/2014 | Books |